000 00622nam a22001937a 4500
999 _c26340
_d26340
003 BDDh-ASL
005 20231015030631.0
008 211008n p ||||| |||| 00| 0 u d
040 _aBDDh-ASL
_cBDDh-ASL
082 _a297.0902
_bWAI
100 1 _94809
_aWaliullah, Shah
245 1 0 _a Izalatul Khafa : / ازالۃ الخفا‏ء
246 _a Izalatul Khafa
260 _aKarachi :
_bMuhammad Saeed And Sons ,
300 _a638 p. :
_c25 cm.
505 _aThis is the Urdu Translation of this book Originally written in Persian.
650 0 _aCaliphate
_xIslam
_xKhilafat
_xHistory
_94819
942 _2ddc
_cBK